Využitie selektívnych sorpčných materiálov v oblasti separácie biologicky aktívnych látok metódou vysokoúčinnej kvapalinovej chromatografie
Guardado en:
| Autor principal: | |
|---|---|
| Otros Autores: | |
| Formato: | Manuscrito Libro |
| Lenguaje: | eslovaco |
| Publicado: |
2020
|
| Materias: | |
| Acceso en línea: | http://is.stuba.sk/zp/portal_zp.pl?podrobnosti=136576 |
| Etiquetas: |
Sin Etiquetas, Sea el primero en etiquetar este registro!
|
MARC
| LEADER | 00000ntm a22000003a 4500 | ||
|---|---|---|---|
| 001 | stuzp59942 | ||
| 003 | SK-STU | ||
| 005 | 20200829210329.8 | ||
| 007 | ta | ||
| 008 | 150427s2015----xo-----f-mn---000-0-slo-d | ||
| 040 | |a STU |b slo | ||
| 041 | 0 | |a slo | |
| 100 | 1 | |a Lomenova, Anna |u 041000 |4 aut |U FCHPT Fakulta chemickej a potravinárskej technológie |T FCHPT Ústav analytickej chémie |X 42821 |U C1000 |Y 99 |7 42821 | |
| 242 | 0 | 1 | |a Use of selective sorption materials in the field of separation of biologically active substances by high-performance liquid chromatography |y eng |
| 245 | 1 | 0 | |a Využitie selektívnych sorpčných materiálov v oblasti separácie biologicky aktívnych látok metódou vysokoúčinnej kvapalinovej chromatografie |
| 260 | |c 2020 | ||
| 650 | 4 | |a polyméry s odtlačkami molekúl |2 slo | |
| 650 | 4 | |a enantioméry |2 slo | |
| 650 | 4 | |a 2D-LC |2 slo | |
| 650 | 4 | |a HPLC |2 slo | |
| 650 | 4 | |a enantiomers |2 eng | |
| 650 | 4 | |a HPLC |2 eng | |
| 650 | 4 | |a 2D-LC |2 eng | |
| 650 | 4 | |a molecularly imprinted polymers |2 eng | |
| 700 | 1 | |a Hroboňová, Katarína |u 041000 |k Z1 |4 ths |U FCHPT Fakulta chemickej a potravinárskej technológie |T FCHPT Ústav analytickej chémie |X 3931 |U C1000 |Y 99 |7 A000003931 | |
| 856 | 4 | |u http://is.stuba.sk/zp/portal_zp.pl?podrobnosti=136576 | |